| 000 | 00476 a2200145 4500 | ||
|---|---|---|---|
| 001 | ART_48079 | ||
| 005 | 20260410161731.0 | ||
| 008 | 260409a | ||
| 245 | 1 | 0 | _aEvolución de la educación a distancia en Universidades Argentinas |
| 100 | 1 | _aRivero, Andrea M. | |
| 700 | 1 | _ada Silva Momo, Fernanda | |
| 700 | 1 | _aBehr, Ariel | |
| 700 | 1 | _aPesce, Gabriela | |
| 773 | 0 |
_tEscritos contables y de administración _g- Vol. 8, nº 2 (jul./dic. 2017) _wREV2758 |
|
| 999 |
_c17877 _d17877 |
||